Reseña sobre a invencao do romance. narrativa e mimese no romance grego, de jacyntho lins bradao /

Guardado en:
Autor Principal: Cabrero, María del Carmen
Formato: Libro
Publicado: México : Nova Tellus, 2008
Materias:
Etiquetas: Agregar Etiqueta
Sin Etiquetas, Sea el primero en etiquetar este registro!
LEADER 00696nam a22002055a 4500
001 EHU.bham040558
003 AR-BHAM
005 20110106123749.0
008 130507s2008##################000#0#####d
082 8 8 |a 883 
100 1 |a Cabrero, María del Carmen 
245 1 0 |a Reseña sobre a invencao do romance. narrativa e mimese no romance grego, de jacyntho lins bradao /  |c María Del Carmen Cabrero 
260 |a México :  |b Nova Tellus,  |c 2008 
300 |a p. 357-375 
500 |a Nova Tellus, 26-2, 2008. 
600 1 4 |a Brandao, Jacyntho Lins 
653 |a Novela griega-estudios 
653 |a Literatura griega-estudios 
653 |a Reseña 
859 |a AR-BHAM  |b BIB. HUMANIDADES - General  |h 883  |i C112  |p 90.10  |t Ej.1